[Event "DVM U14 2022"]
[Site "Kelheim GER"]
[Date "2022.12.29"]
[Round "6"]
[White "Selter, Julian André"]
[Black "Dietrich, Fabian"]
[Result "1-0"]
[Termination "normal"]
[Board "6.3"]
[WhiteElo "1614"]
[BlackElo "1525"]
[WhiteClock "00:28:04"]
[BlackClock "00:52:55"]
[WhiteTeam "Schachvereinigung 1920 Plettenberg e. V."]
[BlackTeam "SK Marburg 1931/72"]
[PlyCount "121"]
[WhiteFideId "34608168"]
[BlackFideId "34640240"]
[EventCountry "GER"]
[EventRounds "7"]
[EventType "team-swiss"]
[EventDate "2022.12.26"]

1. e4 {[%clk 01:30:57]} {[%emt 00:00:01]} e5 {[%clk 01:30:54]} {[%emt
00:00:07]} 2. Nf3 {[%clk 01:31:24]} {[%emt 00:00:05]} Nc6 {[%clk 01:31:17]}
{[%emt 00:00:04]} 3. d4 {[%clk 01:31:50]} {[%emt 00:00:06]} exd4 {[%clk
01:31:42]} {[%emt 00:00:03]} 4. Nxd4 {[%clk 01:32:17]} {[%emt 00:00:04]} Bb4
{[%clk 01:32:04]} {[%emt 00:00:08]} 5. c3 {[%clk 01:32:29]} {[%emt 00:00:17]}
Bc5 {[%clk 01:32:31]} {[%emt 00:00:05]} 6. Be3 {[%clk 01:32:36]} {[%emt
00:00:22]} Bb6 {[%clk 01:32:34]} {[%emt 00:00:26]} 7. Bc4 {[%clk 01:32:40]}
{[%emt 00:00:26]} Nf6 {[%clk 01:32:04]} {[%emt 00:01:01]} 8. Nd2 {[%clk
01:32:51]} {[%emt 00:00:18]} d6 {[%clk 01:31:07]} {[%emt 00:01:28]} 9. h3
{[%clk 01:26:58]} {[%emt 00:06:22]} Ne5 {[%clk 01:29:50]} {[%emt 00:01:46]} 10.
Be2 {[%clk 01:26:17]} {[%emt 00:01:13]} d5 {[%clk 01:28:38]} {[%emt 00:01:41]}
11. f4 {[%clk 01:23:37]} {[%emt 00:03:10]} Ng6 {[%clk 01:21:07]} {[%emt
00:08:01]} 12. e5 {[%clk 01:22:08]} {[%emt 00:01:59]} Ng8 {[%clk 01:14:12]}
{[%emt 00:07:26]} 13. N2f3 {[%clk 01:16:23]} {[%emt 00:06:15]} Nh4 {[%clk
01:10:44]} {[%emt 00:03:57]} 14. O-O {[%clk 01:11:11]} {[%emt 00:05:42]} Nxf3
{[%clk 01:09:16]} {[%emt 00:01:58]} 15. Bxf3 {[%clk 01:10:50]} {[%emt
00:00:51]} f6 {[%clk 01:08:02]} {[%emt 00:01:44]} 16. Qd2 {[%clk 01:02:57]}
{[%emt 00:08:24]} fxe5 {[%clk 01:05:56]} {[%emt 00:02:35]} 17. fxe5 {[%clk
01:02:21]} {[%emt 00:01:06]} Ne7 {[%clk 01:03:28]} {[%emt 00:02:57]} 18. Bh5
{[%clk 00:47:40]} {[%emt 00:15:11]} g6 {[%clk 01:02:28]} {[%emt 00:01:29]} 19.
Bd1 {[%clk 00:46:43]} {[%emt 00:01:28]} Bxd4 {[%clk 00:56:43]} {[%emt
00:06:16]} 20. Bxd4 {[%clk 00:43:33]} {[%emt 00:03:40]} Bf5 {[%clk 00:54:51]}
{[%emt 00:02:21]} 21. Qf4 {[%clk 00:38:32]} {[%emt 00:05:31]} Be6 {[%clk
00:51:19]} {[%emt 00:04:02]} 22. Qf6 {[%clk 00:38:44]} {[%emt 00:00:17]} Kd7
{[%clk 00:51:00]} {[%emt 00:00:49]} 23. Bg4 {[%clk 00:37:09]} {[%emt 00:02:07]}
Bxg4 {[%clk 00:50:24]} {[%emt 00:01:06]} 24. hxg4 {[%clk 00:36:52]} {[%emt
00:00:47]} Qf8 {[%clk 00:49:58]} {[%emt 00:00:56]} 25. e6 {[%clk 00:37:12]}
{[%emt 00:00:11]} Kc6 {[%clk 00:49:32]} {[%emt 00:00:56]} 26. Qxh8 {[%clk
00:36:31]} {[%emt 00:01:10]} Qxh8 {[%clk 00:48:02]} {[%emt 00:01:59]} 27. Bxh8
{[%clk 00:36:53]} {[%emt 00:00:09]} Rxh8 {[%emt 00:00:04]} 28. Rae1 {[%clk
00:36:56]} {[%emt 00:00:25]} Kd6 {[%clk 00:48:41]} {[%emt 00:00:19]} 29. g3
{[%clk 00:36:29]} {[%emt 00:00:57]} c5 {[%clk 00:49:04]} {[%emt 00:00:08]} 30.
Rf7 {[%clk 00:34:04]} {[%emt 00:02:54]} h5 {[%clk 00:49:13]} {[%emt 00:00:21]}
31. gxh5 {[%clk 00:34:04]} {[%emt 00:00:30]} Rxh5 {[%clk 00:49:38]} {[%emt
00:00:06]} 32. Kg2 {[%clk 00:33:26]} {[%emt 00:01:07]} Rh8 {[%clk 00:49:33]}
{[%emt 00:00:34]} 33. g4 {[%clk 00:33:21]} {[%emt 00:00:35]} b6 {[%clk
00:49:45]} {[%emt 00:00:20]} 34. Kg3 {[%clk 00:32:17]} {[%emt 00:01:33]} Re8
{[%clk 00:50:03]} {[%emt 00:00:12]} 35. Kf4 {[%clk 00:31:46]} {[%emt 00:01:01]}
b5 {[%clk 00:48:13]} {[%emt 00:02:21]} 36. Kg5 {[%clk 00:27:32]} {[%emt
00:04:43]} d4 {[%clk 00:47:14]} {[%emt 00:01:30]} 37. cxd4 {[%clk 00:26:22]}
{[%emt 00:01:39]} cxd4 {[%clk 00:46:04]} {[%emt 00:01:40]} 38. Rf3 {[%clk
00:19:42]} {[%emt 00:07:09]} Nc6 {[%clk 00:44:24]} {[%emt 00:02:10]} 39. Kf4
{[%clk 00:12:30]} {[%emt 00:07:42]} a5 {[%clk 00:42:03]} {[%emt 00:02:52]} 40.
a3 {[%clk 00:08:50]} {[%emt 00:04:11]} a4 {[%clk 00:41:18]} {[%emt 00:01:15]}
41. Rf2 {[%clk 00:04:50]} {[%emt 00:04:29]} Rxe6 {[%clk 00:38:15]} {[%emt
00:03:32]} 42. Rxe6 {[%clk 00:04:56]} {[%emt 00:00:24]} Kxe6 {[%clk 00:37:09]}
{[%emt 00:01:37]} 43. Ke4 {[%clk 00:02:23]} {[%emt 00:03:04]} Ne5 {[%clk
00:35:54]} {[%emt 00:01:44]} 44. g5 {[%clk 00:01:41]} {[%emt 00:01:11]} Ng4
{[%clk 00:30:14]} {[%emt 00:06:10]} 45. Rf4 {[%clk 00:01:21]} {[%emt 00:00:51]}
Ne3 {[%clk 00:28:44]} {[%emt 00:02:01]} 46. Kxd4 {[%clk 00:01:09]} {[%emt
00:00:41]} Nc4 {[%clk 00:27:00]} {[%emt 00:02:14]} 47. Rf6 {[%clk 00:00:54]}
{[%emt 00:00:44]} Ke7 {[%clk 00:27:02]} {[%emt 00:00:29]} 48. Kc3 {[%clk
00:00:31]} {[%emt 00:00:52]} Ne3 {[%clk 00:26:24]} {[%emt 00:01:09]} 49. Rxg6
{[%clk 00:29:32]} {[%emt 00:01:29]} Kf7 {[%clk 00:54:29]} {[%emt 00:02:25]} 50.
Rf6 {[%clk 00:28:38]} {[%emt 00:01:23]} Kg7 {[%clk 00:54:28]} {[%emt 00:00:32]}
51. Rd6 {[%clk 00:27:14]} {[%emt 00:01:54]} Kf7 {[%clk 00:53:33]} {[%emt
00:01:24]} 52. Rd3 {[%clk 00:25:52]} {[%emt 00:01:52]} Nc4 {[%clk 00:51:07]}
{[%emt 00:02:57]} 53. Rd5 {[%clk 00:25:50]} {[%emt 00:00:30]} Na5 {[%clk
00:50:35]} {[%emt 00:01:03]} 54. Rxb5 {[%clk 00:25:38]} {[%emt 00:00:42]} Nb3
{[%clk 00:50:45]} {[%emt 00:00:21]} 55. Rxb3 {[%clk 00:25:48]} {[%emt
00:00:19]} axb3 {[%clk 00:51:12]} {[%emt 00:00:04]} 56. Kxb3 {[%clk 00:26:14]}
{[%emt 00:00:04]} Kg6 {[%clk 00:51:41]} {[%emt 00:00:01]} 57. a4 {[%clk
00:26:33]} {[%emt 00:00:12]} Kxg5 {[%clk 00:52:08]} {[%emt 00:00:02]} 58. a5
{[%clk 00:26:55]} {[%emt 00:00:09]} Kf5 {[%clk 00:52:35]} {[%emt 00:00:03]} 59.
a6 {[%clk 00:27:16]} {[%emt 00:00:08]} Ke5 {[%clk 00:52:48]} {[%emt 00:00:16]}
60. a7 {[%clk 00:27:41]} {[%emt 00:00:05]} Kd4 {[%clk 00:52:55]} {[%emt
00:00:24]} 61. a8=Q {[%clk 00:28:04]} {[%emt 00:00:07]} 1-0

[Event "DVM U14 2022"]
[Site "Kelheim GER"]
[Date "2022.12.29"]
[Round "6"]
[White "Alkayas, Mohammad"]
[Black "Dursun, Ali Berk"]
[Result "1/2-1/2"]
[Termination "normal"]
[Board "6.4"]
[WhiteElo "1174"]
[BlackElo "1411"]
[WhiteClock "01:14:53"]
[BlackClock "00:46:05"]
[WhiteTeam "SK Marburg 1931/72"]
[BlackTeam "Schachvereinigung 1920 Plettenberg e. V."]
[PlyCount "44"]
[WhiteFideId "34608400"]
[BlackFideId "16253396"]
[EventCountry "GER"]
[EventRounds "7"]
[EventType "team-swiss"]
[EventDate "2022.12.26"]

1. e4 {[%clk 01:30:59]} {[%emt 00:00:01]} c6 {[%clk 01:30:51]} {[%emt
00:00:11]} 2. Nc3 {[%clk 01:31:21]} {[%emt 00:00:03]} d5 {[%clk 01:30:57]}
{[%emt 00:00:24]} 3. d4 {[%clk 01:31:44]} {[%emt 00:00:07]} dxe4 {[%clk
01:31:02]} {[%emt 00:00:25]} 4. Nxe4 {[%clk 01:32:06]} {[%emt 00:00:09]} Bf5
{[%clk 01:30:41]} {[%emt 00:00:50]} 5. Ng3 {[%clk 01:31:28]} {[%emt 00:01:09]}
Bg6 {[%clk 01:30:50]} {[%emt 00:00:21]} 6. Nf3 {[%clk 01:31:52]} {[%emt
00:00:06]} Nd7 {[%clk 01:30:40]} {[%emt 00:00:39]} 7. Bd3 {[%clk 01:32:06]}
{[%emt 00:00:16]} Bxd3 {[%clk 01:28:07]} {[%emt 00:03:03]} 8. Qxd3 {[%clk
01:30:45]} {[%emt 00:01:51]} e6 {[%clk 01:27:10]} {[%emt 00:01:28]} 9. O-O
{[%clk 01:30:51]} {[%emt 00:00:24]} Ngf6 {[%clk 01:26:17]} {[%emt 00:01:22]}
10. c3 {[%clk 01:27:29]} {[%emt 00:03:52]} Qc7 {[%clk 01:23:25]} {[%emt
00:03:23]} 11. Ne4 {[%clk 01:26:22]} {[%emt 00:01:36]} Nxe4 {[%clk 01:22:34]}
{[%emt 00:01:21]} 12. Qxe4 {[%clk 01:26:42]} {[%emt 00:00:10]} Nf6 {[%clk
01:19:34]} {[%emt 00:03:31]} 13. Bf4 {[%clk 01:22:04]} {[%emt 00:05:07]} Nxe4
{[%clk 01:16:24]} {[%emt 00:03:41]} 14. Bxc7 {[%clk 01:22:16]} {[%emt
00:00:17]} Rc8 {[%clk 01:15:52]} {[%emt 00:01:02]} 15. Bf4 {[%clk 01:22:16]}
{[%emt 00:00:30]} c5 {[%clk 01:13:26]} {[%emt 00:02:55]} 16. dxc5 {[%clk
01:21:02]} {[%emt 00:01:45]} Bxc5 {[%clk 01:13:06]} {[%emt 00:00:50]} 17. Nd2
{[%clk 01:21:16]} {[%emt 00:00:16]} Nf6 {[%clk 01:11:40]} {[%emt 00:01:56]} 18.
Nb3 {[%clk 01:17:22]} {[%emt 00:04:25]} Bb6 {[%clk 01:03:29]} {[%emt 00:08:41]}
19. Be5 {[%clk 01:16:26]} {[%emt 00:01:26]} O-O {[%clk 00:55:42]} {[%emt
00:08:17]} 20. Bd4 {[%clk 01:15:28]} {[%emt 00:01:28]} Bxd4 {[%clk 00:54:08]}
{[%emt 00:02:04]} 21. Nxd4 {[%clk 01:15:44]} {[%emt 00:00:13]} Rfd8 {[%clk
00:50:17]} {[%emt 00:04:20]} 22. Rad1 {[%clk 01:14:53]} {[%emt 00:01:22]} h6
{[%clk 00:46:05]} 1/2-1/2

[Event "DVM U14 2022"]
[Site "Kelheim GER"]
[Date "2022.12.29"]
[Round "6"]
[White "Blodig, Vincent"]
[Black "Pimenov, Danil"]
[Result "1/2-1/2"]
[Termination "normal"]
[Board "7.1"]
[WhiteElo "1541"]
[BlackElo "1378"]
[WhiteClock "01:02:27"]
[BlackClock "00:52:52"]
[WhiteTeam "Schachfreunde Augsburg"]
[BlackTeam "SC Borussia Lichtenberg"]
[PlyCount "81"]
[WhiteFideId "16297857"]
[BlackFideId "34600248"]
[EventCountry "GER"]
[EventRounds "7"]
[EventType "team-swiss"]
[EventDate "2022.12.26"]

1. e4 {[%clk 01:30:53]} {[%emt 00:00:06]} c5 {[%clk 01:30:55]} {[%emt
00:00:09]} 2. Nf3 {[%clk 01:31:20]} {[%emt 00:00:02]} Nc6 {[%clk 01:31:20]}
{[%emt 00:00:03]} 3. d4 {[%clk 01:31:40]} {[%emt 00:00:12]} cxd4 {[%clk
01:31:46]} {[%emt 00:00:03]} 4. Nxd4 {[%clk 01:32:03]} {[%emt 00:00:06]} Nf6
{[%clk 01:32:11]} {[%emt 00:00:05]} 5. Nc3 {[%clk 01:32:26]} {[%emt 00:00:07]}
e5 {[%clk 01:32:37]} {[%emt 00:00:04]} 6. Ndb5 {[%clk 01:32:51]} {[%emt
00:00:05]} d6 {[%clk 01:33:04]} {[%emt 00:00:04]} 7. Bg5 {[%clk 01:33:12]}
{[%emt 00:00:08]} a6 {[%clk 01:33:28]} {[%emt 00:00:05]} 8. Na3 {[%clk
01:33:38]} {[%emt 00:00:05]} b5 {[%clk 01:33:53]} {[%emt 00:00:05]} 9. Nd5
{[%clk 01:34:03]} {[%emt 00:00:05]} Be7 {[%clk 01:34:19]} {[%emt 00:00:04]} 10.
Bxf6 {[%clk 01:34:25]} {[%emt 00:00:08]} Bxf6 {[%clk 01:34:45]} {[%emt
00:00:04]} 11. c3 {[%clk 01:34:48]} {[%emt 00:00:07]} O-O {[%clk 01:34:50]}
{[%emt 00:00:24]} 12. Nc2 {[%clk 01:35:12]} {[%emt 00:00:06]} Bg5 {[%clk
01:34:54]} {[%emt 00:00:27]} 13. a4 {[%clk 01:35:35]} {[%emt 00:00:06]} bxa4
{[%clk 01:35:20]} {[%emt 00:00:04]} 14. Rxa4 {[%clk 01:35:57]} {[%emt
00:00:08]} a5 {[%clk 01:35:47]} {[%emt 00:00:03]} 15. Bc4 {[%clk 01:36:17]}
{[%emt 00:00:11]} Kh8 {[%clk 01:35:55]} {[%emt 00:00:22]} 16. Nce3 {[%clk
01:36:02]} {[%emt 00:00:44]} f5 {[%clk 01:35:23]} {[%emt 00:01:03]} 17. exf5
{[%clk 01:35:53]} {[%emt 00:00:39]} Bxe3 {[%clk 01:33:21]} {[%emt 00:02:32]}
18. Nxe3 {[%clk 01:35:46]} {[%emt 00:00:37]} Bxf5 {[%clk 01:33:24]} {[%emt
00:00:26]} 19. Nxf5 {[%clk 01:35:59]} {[%emt 00:00:18]} Rxf5 {[%clk 01:33:45]}
{[%emt 00:00:09]} 20. Bd3 {[%clk 01:34:25]} {[%emt 00:02:03]} Rf6 {[%clk
01:33:37]} {[%emt 00:00:39]} 21. Be4 {[%clk 01:33:05]} {[%emt 00:01:50]} Qb6
{[%clk 01:33:35]} {[%emt 00:00:32]} 22. O-O {[%clk 01:32:59]} {[%emt 00:00:36]}
Raf8 {[%clk 01:32:59]} {[%emt 00:01:06]} 23. Qc2 {[%clk 01:32:23]} {[%emt
00:01:05]} h6 {[%clk 01:31:52]} {[%emt 00:01:38]} 24. Bxc6 {[%clk 01:31:05]}
{[%emt 00:01:48]} Qxc6 {[%clk 01:32:07]} {[%emt 00:00:15]} 25. Rxa5 {[%clk
01:31:18]} {[%emt 00:00:17]} Rf4 {[%clk 01:31:47]} {[%emt 00:00:49]} 26. Qe2
{[%clk 01:28:20]} {[%emt 00:03:28]} R8f5 {[%clk 01:27:45]} {[%emt 00:04:32]}
27. g3 {[%clk 01:18:15]} {[%emt 00:10:36]} Rf3 {[%clk 01:25:40]} {[%emt
00:02:35]} 28. Qb5 {[%clk 01:17:24]} {[%emt 00:01:21]} Qe4 {[%clk 01:23:42]}
{[%emt 00:02:28]} 29. Qd5 {[%clk 01:16:51]} {[%emt 00:01:03]} Qe2 {[%clk
01:17:45]} {[%emt 00:06:27]} 30. Ra8 {[%clk 01:15:09]} {[%emt 00:02:10]} Kh7
{[%clk 01:14:34]} {[%emt 00:03:42]} 31. Qg8 {[%clk 01:14:56]} {[%emt 00:00:43]}
Kg6 {[%clk 01:14:56]} {[%emt 00:00:09]} 32. Ra7 {[%clk 01:14:56]} {[%emt
00:00:28]} Rf7 {[%clk 01:13:27]} {[%emt 00:02:00]} 33. Rxf7 {[%clk 01:14:53]}
{[%emt 00:00:33]} Rxf7 {[%clk 01:13:47]} {[%emt 00:00:10]} 34. Qb8 {[%clk
01:15:02]} {[%emt 00:00:21]} Qd2 {[%clk 01:10:38]} {[%emt 00:03:39]} 35. c4
{[%clk 01:13:40]} {[%emt 00:01:52]} Kh7 {[%clk 01:06:34]} {[%emt 00:04:35]} 36.
Qb6 {[%clk 01:11:56]} {[%emt 00:02:13]} Rf3 {[%clk 00:58:07]} {[%emt 00:08:57]}
37. b3 {[%clk 01:10:28]} {[%emt 00:01:58]} e4 {[%clk 00:57:46]} {[%emt
00:00:52]} 38. Qb7 {[%clk 01:08:44]} {[%emt 00:02:13]} Qe2 {[%clk 00:56:54]}
{[%emt 00:01:23]} 39. Kg2 {[%clk 01:06:33]} {[%emt 00:02:41]} Rd3 {[%clk
00:54:54]} {[%emt 00:02:27]} 40. b4 {[%clk 01:04:49]} {[%emt 00:02:16]} Rd1
{[%clk 00:52:52]} {[%emt 00:02:33]} 41. Rxd1 {[%clk 01:02:27]} {[%emt
00:02:51]} 1/2-1/2

[Event "DVM U14 2022"]
[Site "Kelheim GER"]
[Date "2022.12.29"]
[Round "6"]
[White "Maltsev, Mark"]
[Black "Rempel, Alexander"]
[Result "0-1"]
[Termination "normal"]
[Board "7.2"]
[WhiteElo "1428"]
[BlackElo "1393"]
[WhiteClock "00:57:58"]
[BlackClock "01:18:35"]
[WhiteTeam "SC Borussia Lichtenberg"]
[BlackTeam "Schachfreunde Augsburg"]
[PlyCount "76"]
[WhiteFideId "34117806"]
[BlackFideId "34618600"]
[EventCountry "GER"]
[EventRounds "7"]
[EventType "team-swiss"]
[EventDate "2022.12.26"]

1. e4 {[%clk 01:30:59]} {[%emt 00:00:03]} c5 {[%clk 01:30:57]} {[%emt
00:00:02]} 2. Nf3 {[%clk 01:31:26]} {[%emt 00:00:03]} e6 {[%clk 01:31:23]}
{[%emt 00:00:07]} 3. d4 {[%clk 01:31:17]} {[%emt 00:00:35]} cxd4 {[%clk
01:31:46]} {[%emt 00:00:07]} 4. Nxd4 {[%clk 01:31:44]} {[%emt 00:00:05]} Nf6
{[%clk 01:32:06]} {[%emt 00:00:08]} 5. Nc3 {[%clk 01:32:02]} {[%emt 00:00:12]}
Nc6 {[%clk 01:32:33]} {[%emt 00:00:03]} 6. Be3 {[%clk 01:31:49]} {[%emt
00:00:43]} Bb4 {[%clk 01:32:26]} {[%emt 00:00:37]} 7. Bd3 {[%clk 01:19:37]}
{[%emt 00:12:42]} Bxc3 {[%clk 01:31:15]} {[%emt 00:01:41]} 8. bxc3 {[%clk
01:19:47]} {[%emt 00:00:20]} O-O {[%clk 01:31:27]} {[%emt 00:00:19]} 9. Bg5
{[%clk 01:17:45]} {[%emt 00:02:32]} Qa5 {[%clk 01:31:27]} {[%emt 00:00:30]} 10.
Nb5 {[%clk 01:13:32]} {[%emt 00:04:44]} Nxe4 {[%clk 01:23:39]} {[%emt
00:08:18]} 11. Qh5 {[%clk 01:10:06]} {[%emt 00:03:55]} g6 {[%clk 01:21:43]}
{[%emt 00:02:26]} 12. Qh6 {[%clk 01:04:04]} {[%emt 00:06:33]} Nxg5 {[%clk
01:22:00]} {[%emt 00:00:13]} 13. Qxg5 {[%clk 01:03:06]} {[%emt 00:01:27]} a6
{[%clk 01:22:17]} {[%emt 00:00:14]} 14. Qf6 {[%clk 01:02:57]} {[%emt 00:00:38]}
axb5 {[%clk 01:21:39]} {[%emt 00:01:08]} 15. h4 {[%clk 01:03:04]} {[%emt
00:00:22]} b4 {[%clk 01:18:56]} {[%emt 00:03:13]} 16. h5 {[%clk 01:03:10]}
{[%emt 00:00:25]} Qe5 {[%clk 01:19:11]} {[%emt 00:00:14]} 17. Qxe5 {[%clk
01:02:57]} {[%emt 00:00:43]} Nxe5 {[%clk 01:19:34]} {[%emt 00:00:07]} 18. hxg6
{[%clk 01:03:10]} {[%emt 00:00:19]} Nxd3 {[%clk 01:19:28]} {[%emt 00:00:35]}
19. cxd3 {[%clk 01:03:31]} {[%emt 00:00:09]} fxg6 {[%clk 01:19:49]} {[%emt
00:00:09]} 20. cxb4 {[%clk 01:03:59]} {[%emt 00:00:03]} b5 {[%clk 01:19:55]}
{[%emt 00:00:23]} 21. Ke2 {[%clk 01:04:15]} {[%emt 00:00:14]} Bb7 {[%clk
01:20:17]} {[%emt 00:00:08]} 22. f3 {[%clk 01:04:38]} {[%emt 00:00:06]} Rf4
{[%clk 01:20:24]} {[%emt 00:00:23]} 23. Rhc1 {[%clk 01:04:37]} {[%emt
00:00:31]} Bc6 {[%clk 01:20:39]} {[%emt 00:00:16]} 24. a3 {[%clk 01:04:43]}
{[%emt 00:00:24]} Raf8 {[%clk 01:20:20]} {[%emt 00:00:49]} 25. Rc5 {[%clk
01:03:54]} {[%emt 00:01:19]} R8f5 {[%clk 01:19:58]} {[%emt 00:00:52]} 26. Rc3
{[%clk 01:03:11]} {[%emt 00:01:12]} g5 {[%clk 01:19:27]} {[%emt 00:01:01]} 27.
Rb1 {[%clk 01:02:12]} {[%emt 00:01:30]} g4 {[%clk 01:18:59]} {[%emt 00:00:58]}
28. Rc5 {[%clk 01:02:18]} {[%emt 00:00:24]} Rxc5 {[%clk 01:18:11]} {[%emt
00:01:16]} 29. bxc5 {[%clk 01:02:41]} {[%emt 00:00:09]} gxf3 {[%clk 01:18:36]}
{[%emt 00:00:05]} 30. gxf3 {[%clk 00:58:46]} {[%emt 00:04:25]} Rxf3 {[%clk
01:18:30]} {[%emt 00:00:35]} 31. a4 {[%clk 00:58:20]} {[%emt 00:00:57]} bxa4
{[%clk 01:18:37]} {[%emt 00:00:23]} 32. d4 {[%clk 00:58:05]} {[%emt 00:00:44]}
Rb3 {[%clk 01:18:02]} {[%emt 00:01:03]} 33. Rg1 {[%clk 00:58:23]} {[%emt
00:00:13]} Kf7 {[%clk 01:18:13]} {[%emt 00:00:20]} 34. d5 {[%clk 00:58:48]}
{[%emt 00:00:05]} Bxd5 {[%clk 01:18:14]} {[%emt 00:00:28]} 35. c6 {[%clk
00:59:16]} {[%emt 00:00:03]} Bxc6 {[%clk 01:18:31]} {[%emt 00:00:13]} 36. Kd2
{[%clk 00:59:12]} {[%emt 00:00:34]} a3 {[%clk 01:18:35]} {[%emt 00:00:26]} 37.
Kc2 {[%clk 00:59:11]} {[%emt 00:00:31]} Bd5 {[%clk 01:18:45]} {[%emt 00:00:19]}
38. Re1 {[%clk 00:57:58]} {[%emt 00:01:44]} a2 {[%clk 01:18:35]} {[%emt
00:00:40]} 0-1